| 000 | 00376nam a2200121Ia 4500 | ||
|---|---|---|---|
| 008 | 220216s9999 xx 000 0 und d | ||
| 100 | _aHaridasan V | ||
| 245 | 0 | _aDiffusion of information on rubber through daily newspapers - A study of its effectiveness | |
| 260 |
_bPlacrosym, VI, 1984. Kottayam. _c1984 |
||
| 700 | _aPillai K K R | ||
| 700 | _aSreenivasan K G | ||
| 942 | _cJS | ||
| 999 |
_c57202 _d57202 |
||